000
00320nam a22001337a 4500
008
190306b xxu||||| |||| 00| 0 eng d
020
_a
9780781789776
041
_a
eng
080
_a
610
100
_a
4
101
_a
SHM
245
_a
The Washington Manual of Outpatient Internal Medicine
_c
Fer, M.D
942
_2
udc
_c
BK
999
_c
54625
_d
54625